[Event "Braila GP RO Stage 5"]
[Site "Braila"]
[Date "2022.11.06"]
[Round "7"]
[White "Galatanu, Iulian Marinica"]
[Black "Toncheva, Nadya"]
[Result "0-1"]
[WhiteElo "1924"]
[BlackElo "2194"]
[PlyCount "136"]
[EventDate "2022.11.05"]
[EventType "swiss (rapid)"]
[EventRounds "10"]
[EventCountry "ROU"]
[SourceTitle "EXT 2024"]
[Source "ChessBase"]
[SourceDate "2023.10.10"]
[SourceVersion "1"]
[SourceVersionDate "2023.10.10"]
[SourceQuality "1"]

1. d4 d5 2. c4 dxc4 3. e3 Nf6 4. Bxc4 e6 5. Nf3 a6 6. a4 c5 7. 0-0 Nc6 8. Nc3 b6 9. Qe2 Bb7 10. Rd1 Qc7 11. d5 exd5 12. Nxd5 Nxd5 13. Bxd5 Be7 14. b3 0-0 15. Bb2 Rad8 16. e4 Nb4 17. Bxb7 Qxb7 18. Bc3 Rfe8 19. Bxb4 cxb4 20. Rxd8 Rxd8 21. Rc1 Bc5 22. Qc4 a5 23. h4 h6 24. Qe2 Qd7 25. Ne5 Qd2 26. Rc2 Qxe2 27. Rxe2 Rd1+ 28. Kh2 Bd6 29. f4 Bxe5 30. fxe5 Rd3 31. Rc2 Rxb3 32. Rc8+ Kh7 33. Rc6 Ra3 34. Rxb6 Rxa4 35. Rb7 b3 36. Rxb3 Rxe4 37. Rb5 Rxh4+ 38. Kg3 Ra4 39. Rb7 Kg6 40. Rb6+ Kf5 41. Rb7 Ke6 42. Kf3 Ra2 43. Ra7 a4 44. Ke4 Re2+ 45. Kf4 g5+ 46. Kf3 Rxe5 47. Rxa4 h5 48. g4 hxg4+ 49. Kxg4 Kf6 50. Kh5 Kf5 51. Ra1 Re4 52. Ra5+ Kf4 53. Ra1 f6 54. Rf1+ Ke5 55. Kg6 Rf4 56. Re1+ Kd4 57. Re7 g4 58. Kh5 f5 59. Re8 Rf3 60. Kh4 Re3 61. Rf8 Ke4 62. Kg5 Rf3 63. Re8+ Kd3 64. Kh4 g3 65. Kh3 f4 66. Re7 Rf2 67. Re8 Re2 68. Rf8 Ke3 0-1

[Event "Braila GP RO Stage 5"]
[Site "Braila"]
[Date "2022.11.05"]
[Round "1"]
[White "Galatanu, Iulian Marinica"]
[Black "Mastrovasilis, Athanasios"]
[Result "0-1"]
[WhiteElo "1924"]
[BlackElo "2520"]
[PlyCount "66"]
[EventDate "2022.11.05"]
[EventType "swiss (rapid)"]
[EventRounds "10"]
[EventCountry "ROU"]
[SourceTitle "EXT 2024"]
[Source "ChessBase"]
[SourceDate "2023.10.10"]
[SourceVersion "1"]
[SourceVersionDate "2023.10.10"]
[SourceQuality "1"]

1. d4 Nf6 2. Nf3 e6 3. c4 d5 4. Nc3 Nbd7 5. Bg5 h6 6. Bxf6 Nxf6 7. e3 Be7 8. Rc1 0-0 9. Bd3 dxc4 10. Bxc4 b6 11. 0-0 Bb7 12. Qe2 a6 13. a3 Nd5 14. Nxd5 exd5 15. Ba2 Bd6 16. Bb1 Re8 17. Rfd1 Qf6 18. Qc2 g6 19. Nd2 c5 20. Nf1 cxd4 21. Rxd4 Be5 22. Rdd1 Bxb2 23. Qc7 Re7 24. Qg3 Bxc1 25. Rxc1 d4 26. Rd1 dxe3 27. Nxe3 Qg5 28. Rd6 Rc8 29. Qxg5 Rc1+ 30. Nf1 hxg5 31. Bd3 b5 32. h3 Ree1 33. Rb6 Bd5 0-1